01677nam a22003977a 4500003000500000005001700005008004100022010001000063011001000073035001000083040000900093090001000102100003600112245016900148260004000317300003000357502009900387590003700486590004100523590004100564590004100605590004100646590004200687650003400729650003200763650003400795650003000829650002300859901000700882942000900889949004200898949005500940999001700995952014001012952012701152CHAP20220329133750.0971013s1987 r 00010 d a10553 a11525 a10763 cCHAP aTesis00aMendoza Zamora, Cecilio.974770 aPrincipales enfermedades fungosas y control químico de la cenicilla de la fresa (Fragaria chiloensis duchesne Var. Ananassa) en Villa Guerrero, Estado de México aChapingo, Méx. :bEl autor,c1987 a126 h.b: ilus. ; gráfs aTesis (M. C. Esp. en Protección Vegetal) -- UACH. Departamento de Parasitología Agrícola aALEPHb10c20130110lUCH01h1227 aBATCH-UPDb10c20130110lUCH01h0046 aBATCH-UPDb10c20130110lUCH01h1620 aBATCH-UPDb10c20130410lUCH01h1014 aBATCH-UPDb10c20130914lUCH01h0908 aCONVERSIONb10c20130109lUCH01h130714aCenicilla de la fresa.92096514aFresaxEnfermedades.94320214aFresaxMéxico (Edo.)94322414aFresaxVariedades.94323514aFungicidas.944044 aBK cFOLL bBCcTESd-22591eTS1h19954i10763si bBCcTESd33724002063587eTS2fc.2h19955i10763si c10553d10553 00102local4053708TESISaBCbBCcPA_TESISd2019-12-31fTESISl0oTesisp33724002063587r2019-12-31 00:00:00tc.2w2019-12-31yTESIS 00102local4051708TESISaBCbBCcPA_TESISd2019-12-31fTESISl0oTesisp-22591r2019-12-31 00:00:00w2019-12-31yTESIS